header

Targeting employment services (Record no. 102254)

MARC details
000 -LEADER
fixed length control field 01605nam a22003614a 4500
082 04 - DEWEY DECIMAL CLASSIFICATION NUMBER
Classification number 362.85/84/0973
245 00 - TITLE STATEMENT
Title Targeting employment services
260 ## - PUBLICATION, DISTRIBUTION, ETC. (IMPRINT)
Place of publication Kalamazoo, Mich. :
Name of publisher W.E. Upjohn Institute for Employment Research,
Year of publication c2002.
300 ## - PHYSICAL DESCRIPTION
Number of Pages xii, 425 p.
500 ## - GENERAL NOTE
General note Proceedings from a conference held on April 29 to May 1, 1999 in Kalamazoo, Michigan.
650 #0 - SUBJECT ADDED ENTRY--TOPICAL TERM
Topical Term Unemployed
Topical Term Employment agencies
Topical Term Manpower policy
700 1# - ADDED ENTRY--PERSONAL NAME
Personal name Eberts, Randall W.
Personal name O'Leary, Christopher J.
Personal name Wandner, Stephen A.
856 40 - ELECTRONIC LOCATION AND ACCESS
Uniform Resource Identifier http://site.ebrary.com/lib/rucke/Doc?id=10103861

No items available.

© 2026 Rongo University
Contact us: librarian | system librarian | Rongo university